Los puertos británicos /

Guardado en:
Autor Principal: Walmsey, Leo
Formato: Libro
Publicado: Buenos Aires : Espasa-calpe, 0
Materias:
Etiquetas: Agregar Etiqueta
Sin Etiquetas, Sea el primero en etiquetar este registro!
LEADER 00480nam a22001815a 4500
001 CEM.cems006616
005 20060214000000.0
008 130507b######################000#0#####d
003 CEMS
082 0 4 |a 942.3379 
100 1 |a Walmsey, Leo 
245 1 0 |a Los puertos británicos / 
260 |a Buenos Aires :  |b Espasa-calpe, 0 
300 |a 48 
653 |a Historia 
653 |a Historia de europa 
653 |a Londres 
859 |a CEMS  |b BIB. CEMS - 11 de abril  |h 942.3379  |i W552  |p 10021.81  |t Ej.1